| 000 | 00369nam a22001337a 4500 | ||
|---|---|---|---|
| 020 | _a0-00-383315-1 | ||
| 082 | _a621.3 BEL'B | ||
| 100 |
_aBELL, E. C, WHITEHEAD, R. W _966467 |
||
| 245 | _aBASIC ELECTRICAL ENGINEERING AND INSTRUMENTATION FOR ENGINEERS | ||
| 260 |
_aLONDON _bCOLLINS _c1987 |
||
| 300 | _a591P | ||
| 650 |
_aELECTRICAL ENGINEERING _925345 |
||
| 942 | _cBK | ||
| 999 |
_c574441 _d574441 |
||